<?xml version="1.0" encoding="UTF-8"?>
<record
    xmlns:xsi="http://www.w3.org/2001/XMLSchema-instance"
    xsi:schemaLocation="http://www.loc.gov/MARC21/slim http://www.loc.gov/standards/marcxml/schema/MARC21slim.xsd"
    xmlns="http://www.loc.gov/MARC21/slim">

  <leader>00788nam a22002537a 4500</leader>
  <controlfield tag="005">20250521115156.0</controlfield>
  <controlfield tag="008">250521b        |||||||| |||| 00| 0 eng d</controlfield>
  <datafield tag="037" ind1=" " ind2=" ">
    <subfield code="c">TB</subfield>
  </datafield>
  <datafield tag="040" ind1=" " ind2=" ">
    <subfield code="a">LCT</subfield>
    <subfield code="c">LCT</subfield>
  </datafield>
  <datafield tag="041" ind1=" " ind2=" ">
    <subfield code="2">eng</subfield>
    <subfield code="a">eng</subfield>
    <subfield code="h">eng</subfield>
  </datafield>
  <datafield tag="084" ind1=" " ind2=" ">
    <subfield code="a">Z,75,15 Q19</subfield>
  </datafield>
  <datafield tag="100" ind1=" " ind2=" ">
    <subfield code="a">Misra,  S N </subfield>
    <subfield code="9">799413</subfield>
  </datafield>
  <datafield tag="245" ind1=" " ind2=" ">
    <subfield code="a">Code of Criminal Procedure, 1973/</subfield>
  </datafield>
  <datafield tag="250" ind1=" " ind2=" ">
    <subfield code="a">21st ed.</subfield>
  </datafield>
  <datafield tag="260" ind1=" " ind2=" ">
    <subfield code="a">Prayagraj (Allahabad), India: </subfield>
    <subfield code="b">Central Law Agency, </subfield>
    <subfield code="c">2019</subfield>
  </datafield>
  <datafield tag="300" ind1=" " ind2=" ">
    <subfield code="a">lxiv, 1032p.</subfield>
  </datafield>
  <datafield tag="650" ind1=" " ind2=" ">
    <subfield code="a"> Indian Penal Code  </subfield>
    <subfield code="9">754948</subfield>
  </datafield>
  <datafield tag="650" ind1=" " ind2=" ">
    <subfield code="a">Criminal Procedure Code  </subfield>
    <subfield code="9">784471</subfield>
  </datafield>
  <datafield tag="650" ind1=" " ind2=" ">
    <subfield code="a">Indian Evidence Act	</subfield>
    <subfield code="9">784472</subfield>
  </datafield>
  <datafield tag="650" ind1=" " ind2=" ">
    <subfield code="a">Criminal law 	 </subfield>
    <subfield code="9">784473</subfield>
  </datafield>
  <datafield tag="650" ind1=" " ind2=" ">
    <subfield code="a">Criminal law India </subfield>
    <subfield code="9">735012</subfield>
  </datafield>
  <datafield tag="650" ind1=" " ind2=" ">
    <subfield code="a">Law Commentaires</subfield>
    <subfield code="9">754949</subfield>
  </datafield>
  <datafield tag="942" ind1=" " ind2=" ">
    <subfield code="2">CC</subfield>
    <subfield code="c">TB</subfield>
    <subfield code="h">Z,75,15 Q19</subfield>
    <subfield code="n">0</subfield>
  </datafield>
  <datafield tag="999" ind1=" " ind2=" ">
    <subfield code="c">1428939</subfield>
    <subfield code="d">1428939</subfield>
  </datafield>
  <datafield tag="952" ind1=" " ind2=" ">
    <subfield code="0">0</subfield>
    <subfield code="1">0</subfield>
    <subfield code="2">CC</subfield>
    <subfield code="4">0</subfield>
    <subfield code="7">0</subfield>
    <subfield code="8">NFIC</subfield>
    <subfield code="a">LCT</subfield>
    <subfield code="b">LCT</subfield>
    <subfield code="c">GEN</subfield>
    <subfield code="d">2025-05-21</subfield>
    <subfield code="e">Prolific Publication</subfield>
    <subfield code="g">830.00</subfield>
    <subfield code="i">109/11.02.2019</subfield>
    <subfield code="l">0</subfield>
    <subfield code="o">Z,75,15 Q19</subfield>
    <subfield code="p">LT0026912</subfield>
    <subfield code="r">2025-05-21 11:53:13</subfield>
    <subfield code="w">2025-05-21</subfield>
    <subfield code="y">TB</subfield>
  </datafield>
  <datafield tag="952" ind1=" " ind2=" ">
    <subfield code="0">0</subfield>
    <subfield code="1">0</subfield>
    <subfield code="2">CC</subfield>
    <subfield code="4">0</subfield>
    <subfield code="7">0</subfield>
    <subfield code="8">NFIC</subfield>
    <subfield code="a">LCT</subfield>
    <subfield code="b">LCT</subfield>
    <subfield code="c">GEN</subfield>
    <subfield code="d">2025-05-21</subfield>
    <subfield code="e">Prolific Publication</subfield>
    <subfield code="g">830.00</subfield>
    <subfield code="i">109/11.02.2019</subfield>
    <subfield code="l">0</subfield>
    <subfield code="o">Z,75,15 Q19</subfield>
    <subfield code="p">LT0026913</subfield>
    <subfield code="r">2025-05-21 11:53:13</subfield>
    <subfield code="w">2025-05-21</subfield>
    <subfield code="y">TB</subfield>
  </datafield>
  <datafield tag="952" ind1=" " ind2=" ">
    <subfield code="0">0</subfield>
    <subfield code="1">0</subfield>
    <subfield code="2">CC</subfield>
    <subfield code="4">0</subfield>
    <subfield code="7">0</subfield>
    <subfield code="8">NFIC</subfield>
    <subfield code="a">LCT</subfield>
    <subfield code="b">LCT</subfield>
    <subfield code="c">GEN</subfield>
    <subfield code="d">2025-05-21</subfield>
    <subfield code="e">Prolific Publication</subfield>
    <subfield code="g">830.00</subfield>
    <subfield code="i">109/11.02.2019</subfield>
    <subfield code="l">0</subfield>
    <subfield code="o">Z,75,15 Q19</subfield>
    <subfield code="p">LT0026914</subfield>
    <subfield code="r">2025-05-21 11:53:13</subfield>
    <subfield code="w">2025-05-21</subfield>
    <subfield code="y">TB</subfield>
  </datafield>
  <datafield tag="952" ind1=" " ind2=" ">
    <subfield code="0">0</subfield>
    <subfield code="1">0</subfield>
    <subfield code="2">CC</subfield>
    <subfield code="4">0</subfield>
    <subfield code="7">0</subfield>
    <subfield code="8">NFIC</subfield>
    <subfield code="a">LCT</subfield>
    <subfield code="b">LCT</subfield>
    <subfield code="c">GEN</subfield>
    <subfield code="d">2025-05-21</subfield>
    <subfield code="e">Prolific Publication</subfield>
    <subfield code="g">830.00</subfield>
    <subfield code="i">109/11.02.2019</subfield>
    <subfield code="l">0</subfield>
    <subfield code="o">Z,75,15 Q19</subfield>
    <subfield code="p">LT0026915</subfield>
    <subfield code="r">2025-05-21 11:53:13</subfield>
    <subfield code="w">2025-05-21</subfield>
    <subfield code="y">TB</subfield>
  </datafield>
  <datafield tag="952" ind1=" " ind2=" ">
    <subfield code="0">0</subfield>
    <subfield code="1">0</subfield>
    <subfield code="2">CC</subfield>
    <subfield code="4">0</subfield>
    <subfield code="7">0</subfield>
    <subfield code="8">NFIC</subfield>
    <subfield code="a">LCT</subfield>
    <subfield code="b">LCT</subfield>
    <subfield code="c">GEN</subfield>
    <subfield code="d">2025-05-21</subfield>
    <subfield code="e">Prolific Publication</subfield>
    <subfield code="g">830.00</subfield>
    <subfield code="i">109/11.02.2019</subfield>
    <subfield code="l">0</subfield>
    <subfield code="o">Z,75,15 Q19</subfield>
    <subfield code="p">LT0026916</subfield>
    <subfield code="r">2025-05-21 11:53:13</subfield>
    <subfield code="w">2025-05-21</subfield>
    <subfield code="y">TB</subfield>
  </datafield>
</record>
